000 00603nam a2200241Ia 4500
003 OSt
005 20221007082627.0
006 a|||||r|||| 00| 0
007 ta
008 221006b |||||||| |||| 00| 0 eng d
024 _a26,213
037 _cTextual
040 _aFLL
_cFLL
_beng
041 _2eng
_aeng
082 _aX7:8F.2.N77t,E, L7.30-.35
110 _aGovt. of India
245 0 _aEstimates committee
260 _c1977
300 _av,1-96p
_ccm.
700 _aGovt. of India
942 _hX7:8F.2.N77t,E, L7.30-.35
_cTEXL
_2CC
999 _c1167135
_d1167135